Match the car with its manufacturer - Statistics

General Stats
  • This quiz has been taken 16 times
  • The average score is 12 of 29
Answer Stats
Hint Answer % Correct
Ranger Ford
70%
Escalade Cadillac
60%
Accord Honda
60%
Defender Land Rover
60%
Astra Opel
60%
Ibiza Seat
60%
Cruze Chevrolet
50%
Rio Kia
50%
Murciélago Lamborghini
50%
Pulsar Nissan
50%
Cayman Porsche
50%
Octavia Skoda
50%
Up! Volkswagen
50%
California Ferrari
40%
Bravo Fiat
40%
Niva Lada
40%
Lancer Mitsubishi
40%
Brera Alfa Romeo
30%
Commodore Holden
30%
Bayon Hyundai
30%
Levante Maserati
30%
Viano Mercedes-Benz
30%
Splash Suzuki
30%
Hornet Dodge
20%
Avenger (2022) Jeep
20%
Thema Lancia
20%
Expert Peugeot
20%
Legacy Subaru
20%
Wind Renault
10%
No matching quizzes found
Score Distribution
Percent of People with Each Score
Percentile by Number Answered
Your Score History
You have not taken this quiz